01553nam a22002537a 4500999001700000003000800017008004100025037002000066039004400086040003500130080001100165100002600176110015100202245019300353260014800546300001900694500016800713650005600881655002300937700003300960710015200993942001301145952014101158 c49400d49400BI-BuBU231106b2023 bd frmmmm 000 0 fre d bDon de l'auteur a20231106103253.0bFélicien Niyonzima  aBI-BuBUbfrecBI-BuBUdBI-BuBU a519.141 4autaNdikuriyo, Egide 4autaUniversité du BurundibFaculté des Sciences, Département de Physique, Centre de recherche en Mathématique et physiquecBujumburaeaut1 aApproche des solutions des problèmes d'optimisation combinatoire sur les graphes par les mesures de centralitébcas de "vertex cover"cEgide Ndikuriyo ; sous la dir. de Salomon Mugisha aBujumburabUniversité du Burundi, Faculté des Sciences, Département de Physique, Centre de recherche en Mathématiques et physiquec2023 aXII-53f.c30cm 3Mémoire présenté et défendu publiquement en vue de l'obtention du Diplôme de Master en physique fondamentale et appliquée, Option physique fondamentale 72BI-BuBUaGraphe.Mesure de centralité.Vertex Cover 72BI-BuBUaMémoire1 4diraMugisha, salomon9626751 4autaUniversité du BurundibFaculté des Sciences, Département de Physique, Centre de recherche en Mathématiques et physiquecBujumburaeaut 2udccMEM 00102udc4071980175aBCbBCd2023-11-06eDon de l'auteurl0oR.519.14 NDI.2023p5010000775803r2023-11-06t1w2023-11-06yMEMi239973